000
00313nam a2200121Ia 4500
008
190216s9999||||xx |||||||||||||| ||und||
100
_a
Madan Rl & Tuli Gd
245
0
_a
Simplified Course In Inorganic Chemistry
260
_b
S Chand & Co
_c
2003
300
_a
703p
650
_a
Inorganic Chemistry
942
_c
BK
999
_c
3096
_d
3096